Central Library OPAC University of Rajshahi

The sanctity of life and the criminal law / (Record no. 4942)

MARC details
000 -LEADER
fixed length control field 00836nam a2200289 a 4500
001 - CONTROL NUMBER
control field 4942
003 - CONTROL NUMBER IDENTIFIER
rucl marc code BD-RjUL
005 - DATE AND TIME OF LATEST TRANSACTION
control field 20211208234000.0
008 - FIXED-LENGTH DATA ELEMENTS--GENERAL INFORMATION
fixed length control field 13 t1958 enk 001 0 eng
035 ## - SYSTEM CONTROL NUMBER
System control number (BD-RjUL)4978
System control number cl
040 ## - CATALOGING SOURCE
Original cataloging agency DLC
Transcribing agency FUB
Modifying agency m.c
-- BD-RjUL
Language of cataloging eng
041 ## - LANGUAGE CODE
Language code of text/sound track or separate title eng
082 04 - DEWEY DECIMAL CLASSIFICATION NUMBER
Edition number 16
Classification number 345.410092
Author mark and year WIS 1958
100 1# - MAIN ENTRY--PERSONAL NAME
Personal name Williams, Glanville Llewelyn,
Dates associated with a name 1911-1997.
9 (RLIN) 15573
245 14 - TITLE STATEMENT
Title The sanctity of life and the criminal law /
Statement of responsibility, etc. by Glanville Williams
260 ## - PUBLICATION, DISTRIBUTION, ETC. (IMPRINT)
Place of publication, distribution, etc. London :
Name of publisher, distributor, etc. Faber and Faber,
Date of publication, distribution, etc. c1958.
300 ## - PHYSICAL DESCRIPTION
Pagination 319 p. ;
Size 23 cm.
504 ## - BIBLIOGRAPHY, ETC. NOTE
Bibliography, etc Includes index.
650 #0 - SUBJECT ADDED ENTRY--TOPICAL TERM
Topical term or geographic name as entry element Infanticide
9 (RLIN) 15574
Topical term or geographic name as entry element Birth control
9 (RLIN) 15575
Topical term or geographic name as entry element Artificial insemination, Human
9 (RLIN) 15576
Topical term or geographic name as entry element Abortion
9 (RLIN) 1880
Topical term or geographic name as entry element Suicide
9 (RLIN) 15577
Topical term or geographic name as entry element Euthanasia
9 (RLIN) 15578
942 ## - ADDED ENTRY ELEMENTS (KOHA)
Source of classification or shelving scheme Dewey Decimal Classification
Koha item type Books
Holdings
Lost status Source of classification or shelving scheme Damaged status Not for loan Collection code Permanent Location Current Location Date acquired Source of acquisition Cost, normal purchase price Total Checkouts Full call number Date last seen Copy number Koha item type Shelving location
  Dewey Decimal Classification     Non-fiction Central Library, University of Rajshahi Central Library, University of Rajshahi 24/06/1968 zeittinger 36.00   345.410092 WIS 1958 23/12/2013 C-5 Books  
  Dewey Decimal Classification     Non-fiction Central Library, University of Rajshahi Central Library, University of Rajshahi 24/06/1968 Zeitlinger 36.00   343 WIS 1958 01/08/2016 C-2 Books  
  Dewey Decimal Classification     Non-fiction Central Library, University of Rajshahi Central Library, University of Rajshahi 05/09/1967 Zeitlinger 36.00   345.410092 WIS 1958 06/08/2016 C-3 Books  
  Dewey Decimal Classification     Non-fiction Central Library, University of Rajshahi Central Library, University of Rajshahi 05/09/1967 Zeitlinger 36.00   345.410092 WIS 1958 06/08/2016 C-4 Books